Biggest metro areas in France - Statistics

General Stats
  • This quiz has been taken 89 times
  • The average score is 11 of 15
Answer Stats
Hint Answer % Correct
13 171 056 Paris
100%
2 308 818 Lyon
97%
1 888 788 Marseille
96%
1 521 660 Lille
89%
1 490 640 Toulouse
89%
1 393 764 Bordeaux
87%
1 019 905 Nice - Cannes - Antibes
82%
1 031 953 Nantes
80%
864 993 Strasbourg
72%
823 120 Montpellier
62%
771 320 Rennes
58%
722 904 Grenoble
49%
581 948 Toulon
45%
709 065 Rouen
41%
522 597 Tours
30%
No matching quizzes found
Score Distribution
Percent of People with Each Score
Percentile by Number Answered
Your Score History
You have not taken this quiz